| 000 | 00352nam a2200109Ia 4500 | ||
|---|---|---|---|
| 008 | 171211s9999 xx 000 0 und d | ||
| 245 | 4 | _aThe Oxford Handbook of Economic Geography | |
| 245 | _cGordon L. Clark, Maryann P. Feldman, and Meric S. Gertler | ||
| 260 | _c2001 | ||
| 650 | _xEconomics | ||
| 856 | _uhttp://down.ebook777.com/063/9780198234104.pdf | ||
| 999 |
_c348118 _d348118 |
||